Statistics for We Didn't Start The Fire Marvel Edition (all lyrics)

Click here to take the quiz!

General Stats

  • This quiz has been taken 375 times
  • The average score is 151 of 221

Answer Stats

Answer% Correct
I
99%
a
98%
Star
98%
the
95%
we
94%
We
94%
didn't
93%
fire
93%
Iron
91%
Man
91%
start
90%
to
88%
it
87%
It
87%
was
87%
World
87%
Fury
84%
Nick
84%
and
83%
Captain
83%
burn
82%
has
82%
in
82%
Stark
82%
Thor
82%
plan
81%
Tony
81%
War
81%
war
81%
always
80%
Black
80%
burnin'
80%
Loki
79%
Bucky
78%
Pepper
78%
Potts
78%
Widow
76%
go
75%
turnin'
75%
since
74%
am
73%
of
73%
Peggy
73%
you
73%
Banner
72%
Bruce
72%
love
72%
been
71%
Hawkeye
71%
Rogers
70%
Avenger
69%
Big
69%
brother
69%
his
69%
Maria
69%
S.H.I.E.L.D.
69%
here
68%
Hill
68%
two
68%
Arc
67%
Reactor
67%
Agents
66%
assemble
65%
First
65%
Gamora
65%
Groot
65%
Core
64%
(roar)
64%
world's
64%
everyone
63%
radiation
63%
Rocket
63%
Russian
63%
spy
63%
transformation
63%
Asgard
62%
But
62%
but
62%
Spider-Man
62%
fight
61%
Infinity
61%
Lord
61%
ancient
60%
Coulson
60%
Drax
59%
they're
59%
Clint
58%
Space
58%
time
58%
Barton
57%
light
57%
Marvel
57%
Panther
57%
Falcon
56%
mind
56%
power
56%
reality
56%
shock
56%
Ant-Man
55%
is
55%
soul
55%
Stones
55%
Thanos
55%
Barnes
54%
Machine
54%
No
54%
Scarlet
54%
Mantis
53%
Red
53%
Witch
53%
Skull
52%
Ultron
52%
Nebula
51%
too
51%
Vision
51%
Hydra
50%
Wasp
50%
Wakanda
48%
again
47%
back
47%
Doctor
47%
we're
47%
Whiplash
47%
Zola
47%
Battle
46%
Civil
46%
for
46%
Shuri
46%
humanity
45%
Laufey
45%
Strange
45%
spin
44%
Sokovia
43%
tryin'
43%
Arnim
42%
on
42%
Cat
41%
Okoye
41%
Blonsky
39%
Goose
39%
Killmonger
39%
Obadiah
39%
can't
38%
take
37%
when
37%
anymore
36%
Ragnarok
36%
Janet
34%
Flying
33%
Henry
33%
are
31%
faster
31%
higher
30%
further
29%
still
24%
gone
22%
will
20%

Score Distribution

Percentile by Number Answered

Percent of People with Each Score

Your Score History

You have not taken this quiz